[Event "OSREDNJA SLOVENSKA LIGA 2025"]
[Site "gostovanja"]
[Date "2025.11.06"]
[Round "7.2"]
[White "Ivanec, Dezider"]
[Black "Lucovnik, Tilen"]
[Result "1-0"]
[WhiteElo "2032"]
[BlackElo "2154"]
[PlyCount "105"]
[EventDate "2025.09.18"]
[WhiteTeam "DRUSTVO KPSRD KAREL JERAJ"]
[BlackTeam "SK KOMENDA POPOTNIK"]

1. c4 b6 2. Nc3 e6 3. e4 Bb7 4. d4 Bb4 5. Bd3 f5 6. d5 fxe4 7. Bxe4 Nf6 8. Bf3
exd5 9. cxd5 Bxc3+ 10. bxc3 O-O 11. Ne2 c5 12. O-O Na6 13. c4 d6 14. Nf4 Nc7
15. a4 Qd7 16. Bb2 Qf5 17. Nh5 Nxh5 18. Bxh5 Bc8 19. Ra3 g6 20. Rg3 Ne8 21. Be2
Ng7 22. h4 Qf7 23. h5 Bf5 24. Qd2 Qe7 25. Qc3 Rf7 26. Bg4 Bxg4 27. hxg6 Rf4 28.
f3 hxg6 29. Rxg4 Rxg4 30. fxg4 Rf8 31. Rxf8+ Kxf8 32. Kf2 Qh4+ 33. Kf3 Ne8 34.
Qd3 Qh7 35. Qe4 Qf7+ 36. Kg3 Nf6 37. Qf4 Ne8 38. Bc3 a6 39. Qg5 Qh7 40. Bd2 Qf7
41. Qd8 Qc7 42. Bh6+ Kf7 43. Bg5 Qb7 44. Bf4 b5 45. axb5 axb5 46. cxb5 Qxb5 47.
Bxd6 Qd3+ 48. Kh2 Nxd6 49. Qxd6 c4 50. Qe6+ Kg7 51. Qe5+ Kh6 52. g3 Qc3 53.
Qh8+ 1-0

[Event "OSREDNJA SLOVENSKA LIGA 2025"]
[Site "gostovanja"]
[Date "2025.11.06"]
[Round "7.2"]
[White "Zidar, Jernej"]
[Black "Kodela, Matjaz"]
[Result "1-0"]
[WhiteElo "2036"]
[BlackElo "1971"]
[PlyCount "117"]
[EventDate "2025.09.18"]
[WhiteTeam "SK KOMENDA POPOTNIK"]
[BlackTeam "DRUSTVO KPSRD KAREL JERAJ"]

1. d4 d5 2. c4 c6 3. Nf3 Nf6 4. g3 e6 5. Bg2 Bd6 6. O-O O-O 7. Qc2 b6 8. Nbd2
Bb7 9. e4 Be7 10. Rd1 Qc8 11. e5 Nfd7 12. b3 Re8 13. h4 c5 14. dxc5 Bxc5 15.
Bb2 Nf8 16. Rac1 Na6 17. Qb1 Qb8 18. g4 Rd8 19. Nf1 dxc4 20. bxc4 Rxd1 21. Rxd1
Qc7 22. h5 Rd8 23. Ng3 Rxd1+ 24. Qxd1 Be7 25. Qe2 Nc5 26. Bc1 Qd8 27. Ne1 Qc7
28. h6 g6 29. Bxb7 Qxb7 30. Nf3 Qd7 31. Bg5 Bxg5 32. Nxg5 Qd3 33. N5e4 Nfd7 34.
Nxc5 Qxe2 35. Nxe2 bxc5 36. f4 Nb6 37. Nc3 Nxc4 38. Kf2 Nb6 39. Ne4 c4 40. Ke3
Nd5+ 41. Kd4 Nxf4 42. Nf6+ Kh8 43. Kxc4 Nh3 44. Kc5 Nf4 45. Kd6 Nd3 46. a3 a5
47. Ne4 Kg8 48. g5 Kh8 49. Nc5 Nb2 50. Ke7 Kg8 51. Nd7 Nc4 52. a4 Nb2 53. Nf6+
Kh8 54. Kxf7 Nxa4 55. Ne4 Nb6 56. Kxe6 a4 57. Nc3 a3 58. Kf7 Nd5 59. e6 1-0

[Event "OSREDNJA SLOVENSKA LIGA 2025"]
[Site "gostovanja"]
[Date "2025.11.06"]
[Round "7.2"]
[White "Stimec, Marjan"]
[Black "Juhant, Igor"]
[Result "1/2-1/2"]
[WhiteElo "1842"]
[BlackElo "1972"]
[PlyCount "83"]
[EventDate "2025.09.18"]
[WhiteTeam "DRUSTVO KPSRD KAREL JERAJ"]
[BlackTeam "SK KOMENDA POPOTNIK"]

1. e4 c6 2. d4 d5 3. Nc3 dxe4 4. Nxe4 Nf6 5. Ng3 g6 6. Nf3 Bg7 7. Be2 O-O 8. c3
Qc7 9. O-O Nbd7 10. Qc2 c5 11. h3 b6 12. Bg5 Bb7 13. Rfd1 h6 14. Be3 Nd5 15.
Qd2 Nxe3 16. Qxe3 e6 17. dxc5 bxc5 18. Nd2 Rab8 19. Rab1 e5 20. Bc4 Nb6 21.
Nge4 Rbc8 22. f3 Rfd8 23. Qe2 Nxc4 24. Nxc4 Ba6 25. b3 Kh7 26. Qe3 Bxc4 27.
bxc4 Rxd1+ 28. Rxd1 f5 29. Nf2 Qc6 30. Rd5 Qa4 31. Rxc5 Rxc5 32. Qxc5 Qxa2 33.
h4 Qa1+ 34. Kh2 Qxc3 35. Qxa7 Qxc4 36. Qe7 Qf4+ 37. Kg1 Qc1+ 38. Kh2 Qe1 39.
Nd3 Qe3 40. Nc5 Qf4+ 41. g3 Qxf3 42. Ne6 1/2-1/2

[Event "OSREDNJA SLOVENSKA LIGA 2025"]
[Site "gostovanja"]
[Date "2025.11.06"]
[Round "7.2"]
[White "Gabrovsek, Domen"]
[Black "Cizman, Gregor"]
[Result "1/2-1/2"]
[WhiteElo "1744"]
[BlackElo "1676"]
[PlyCount "42"]
[EventDate "2025.09.18"]
[WhiteTeam "SK KOMENDA POPOTNIK"]
[BlackTeam "DRUSTVO KPSRD KAREL JERAJ"]

1. c4 c6 2. Nc3 d5 3. cxd5 cxd5 4. d4 Nf6 5. Nf3 e6 6. Bg5 Nbd7 7. e3 a6 8. Bd3
Be7 9. O-O b5 10. a3 Bb7 11. Ne5 Nxe5 12. dxe5 Nd7 13. Bxe7 Qxe7 14. f4 g6 15.
b4 O-O 16. Ne2 Rfc8 17. Qd2 Rc7 18. Rac1 Rac8 19. Rxc7 Rxc7 20. Rc1 Qd8 21.
Rxc7 Qxc7 1/2-1/2

[Event "OSREDNJA SLOVENSKA LIGA 2025"]
[Site "gostovanja"]
[Date "2025.11.06"]
[Round "7.3"]
[White "Skok, Boris"]
[Black "Pisek, Igor"]
[Result "1-0"]
[WhiteElo "1945"]
[BlackElo "1842"]
[PlyCount "113"]
[EventDate "2025.09.18"]
[WhiteTeam "SD CRNI GRABEN"]
[BlackTeam "SK VISNJA GORA 2"]

1. d4 d5 2. c4 e6 3. Nc3 Nf6 4. Nf3 Nc6 5. Bg5 Be7 6. e3 h6 7. Bxf6 Bxf6 8.
cxd5 exd5 9. Qb3 Ne7 10. Be2 O-O 11. O-O c6 12. Rac1 Qb6 13. Qa3 Ng6 14. Na4
Qa5 15. Qb3 Rb8 16. a3 Be6 17. Nc5 Qc7 18. Qc2 Qe7 19. Bd3 Nh4 20. Nxh4 Bxh4
21. g3 Bf6 22. Bf5 Bxf5 23. Qxf5 Rfd8 24. Rc2 g6 25. Qd3 Kg7 26. b4 a6 27. Rfc1
Ra8 28. a4 Qc7 29. b5 axb5 30. axb5 Qb6 31. bxc6 bxc6 32. Qd1 Ra5 33. Kg2 Be7
34. Nd3 Rc8 35. h4 h5 36. Ne5 c5 37. Nd7 Qe6 38. Nxc5 Bxc5 39. Rxc5 Raxc5 40.
dxc5 Qe4+ 41. Kg1 Qe6 42. Qd4+ f6 43. Rb1 Qe7 44. Rb5 Qe6 45. Rb6 Rc6 46. Rb7+
Kh6 47. Qf4+ g5 48. hxg5+ Kg6 49. Qxf6+ Qxf6 50. gxf6 Rxc5 51. f7 Kg7 52. Rd7
Rc8 53. Rxd5 Kg6 54. Rd7 Rf8 55. Kg2 Rxf7 56. Rxf7 Kxf7 57. Kh3 1-0

[Event "OSREDNJA SLOVENSKA LIGA 2025"]
[Site "gostovanja"]
[Date "2025.11.06"]
[Round "7.3"]
[White "Mirtic, Lovro"]
[Black "Osolin, Bogdan"]
[Result "1/2-1/2"]
[WhiteElo "1879"]
[BlackElo "1904"]
[PlyCount "108"]
[EventDate "2025.09.18"]
[WhiteTeam "SK VISNJA GORA 2"]
[BlackTeam "SD CRNI GRABEN"]

1. d4 Nf6 2. c4 e5 3. e3 Bb4+ 4. Bd2 Qe7 5. Nf3 e4 6. Bxb4 Qxb4+ 7. Qd2 Qe7 8.
Ng1 d6 9. Nc3 c6 10. d5 c5 11. Nge2 h5 12. h4 Ng4 13. Nf4 Bf5 14. Be2 Nd7 15.
a4 O-O-O 16. a5 a6 17. Na4 Kb8 18. b4 cxb4 19. Qxb4 Rc8 20. Rb1 Nc5 21. Bf1 Ne5
22. Kd2 g6 23. Be2 Rc7 24. Nb6 Ned3 25. Bxd3 exd3 26. f3 g5 27. hxg5 Qxg5 28.
Qb2 Rh7 29. Ra1 h4 30. Kd1 Re7 31. Ra3 Rxe3 32. Qd4 Re8 33. Rg1 Rg8 34. Nxd3
Bxd3 35. Rxd3 Nxd3 36. Qxd3 h3 37. Qxh7 hxg2 38. c5 Rg7 39. Qe4 Rg8 40. Qg4 Qd8
41. Qd7 Qh4 42. Qxd6+ Ka7 43. Qe5 Qf2 44. Qe1 Qd4+ 45. Kc2 Qxc5+ 46. Kb3 Qb5+
47. Ka2 Qc5 48. Kb3 Qd4 49. Qc1 Qf2 50. d6 Qxf3+ 51. Kc2 Qf2+ 52. Kb1 Rg3 53.
Nc8+ Ka8 54. Nb6+ Ka7 1/2-1/2

[Event "OSREDNJA SLOVENSKA LIGA 2025"]
[Site "gostovanja"]
[Date "2025.11.06"]
[Round "7.3"]
[White "Majcen, Zoran"]
[Black "Miceli, Dario Edgardo"]
[Result "1-0"]
[WhiteElo "1904"]
[BlackElo "1756"]
[PlyCount "117"]
[EventDate "2025.09.18"]
[WhiteTeam "SD CRNI GRABEN"]
[BlackTeam "SK VISNJA GORA 2"]

1. e4 Nf6 2. Nc3 d5 3. e5 d4 4. exf6 dxc3 5. fxg7 cxd2+ 6. Qxd2 Qxd2+ 7. Bxd2
Bxg7 8. O-O-O Be6 9. a3 Nc6 10. Bf4 Be5 11. Bxe5 Nxe5 12. Be2 Rg8 13. f4 Ng4
14. Bxg4 Rxg4 15. g3 Rd8 16. Rxd8+ Kxd8 17. Nh3 f6 18. Nf2 Rg8 19. Rd1+ Bd7 20.
Nd3 b6 21. Nb4 Kc8 22. Nd5 Kd8 23. Ne3 Kc8 24. Kd2 c6 25. Kc3 Rg6 26. Ng2 Kc7
27. Nh4 Rg7 28. Rd3 c5 29. Ng2 Bc6 30. Ne3 Be4 31. Rd1 Kc6 32. Re1 f5 33. Nc4
h5 34. Ne5+ Kc7 35. Kd2 b5 36. c4 a6 37. Kc3 e6 38. b4 cxb4+ 39. axb4 bxc4 40.
Kxc4 Bd5+ 41. Kc5 h4 42. Re3 hxg3 43. Rxg3 Rh7 44. h4 Kb7 45. h5 Rc7+ 46. Kd6
Rh7 47. Rh3 Kb6 48. h6 Kb5 49. Nd7 Kxb4 50. Nf6 Rh8 51. Nxd5+ exd5 52. Kxd5 a5
53. Ke5 a4 54. Kxf5 a3 55. Kg6 a2 56. Rh1 Ka3 57. h7 Rb8 58. h8=Q Rxh8 59. Rxh8
1-0

[Event "OSREDNJA SLOVENSKA LIGA 2025"]
[Site "gostovanja"]
[Date "2025.11.06"]
[Round "7.4"]
[White "Sajovic, Marko"]
[Black "Bucan, Luka"]
[Result "1-0"]
[WhiteElo "2030"]
[BlackElo "1706"]
[PlyCount "63"]
[EventDate "2025.09.18"]
[WhiteTeam "SK MEDVODE"]
[BlackTeam "SK LOSKA DOLINA"]

1. e4 c5 2. Nf3 Nc6 3. c3 d5 4. exd5 Qxd5 5. d4 cxd4 6. cxd4 e6 7. Nc3 Qd8 8.
Bc4 Nf6 9. O-O Be7 10. Re1 O-O 11. Bf4 a6 12. a4 Nb4 13. a5 Nc6 14. d5 Nxa5 15.
Bf1 exd5 16. Rxe7 Qxe7 17. Rxa5 Qb4 18. Ra4 Qxb2 19. Nxd5 Nxd5 20. Qxd5 Be6 21.
Qe4 b5 22. Rb4 Qf6 23. Bd3 Qg6 24. Qe3 Bf5 25. Nh4 Qh5 26. Nxf5 Rfe8 27. Re4
Red8 28. Ne7+ Kf8 29. Be2 Rd1+ 30. Bxd1 Qxd1+ 31. Qe1 Rd8 32. Nc6 1-0

[Event "OSREDNJA SLOVENSKA LIGA 2025"]
[Site "gostovanja"]
[Date "2025.11.06"]
[Round "7.4"]
[White "Bavec, Vinko"]
[Black "Rici, Jurij"]
[Result "0-1"]
[WhiteElo "1725"]
[BlackElo "1900"]
[PlyCount "78"]
[EventDate "2025.09.18"]
[WhiteTeam "SK LOSKA DOLINA"]
[BlackTeam "SK MEDVODE"]

1. d4 d5 2. Nf3 e6 3. g3 Nf6 4. Bg2 c5 5. c3 Be7 6. O-O Nc6 7. dxc5 Bxc5 8. e3
O-O 9. Nd4 e5 10. Nxc6 bxc6 11. Nd2 Bb7 12. b4 Bb6 13. Bb2 Qe7 14. a3 Rfd8 15.
Qc2 h6 16. Rfd1 Rac8 17. a4 a5 18. Ba3 Qe8 19. Qb3 Rb8 20. Qc2 Bc7 21. Nb3 Ra8
22. Nc5 Ba6 23. bxa5 Bxa5 24. Bb4 Bb6 25. a5 Bxc5 26. Bxc5 Rdb8 27. Rdb1 Rb5
28. Rxb5 Bxb5 29. e4 Qd8 30. Bb4 Bc4 31. exd5 c5 32. Bxc5 Rxa5 33. Ba3 Bxd5 34.
Bxd5 Rxd5 35. Rf1 Rd2 36. Qf5 e4 37. Bc5 Rd5 38. Be7 Qxe7 39. Qc8+ Rd8 0-1

[Event "OSREDNJA SLOVENSKA LIGA 2025"]
[Site "gostovanja"]
[Date "2025.11.06"]
[Round "7.4"]
[White "Porenta, Matija"]
[Black "Soba, Franc"]
[Result "1/2-1/2"]
[WhiteElo "1831"]
[BlackElo "1511"]
[PlyCount "106"]
[EventDate "2025.09.18"]
[WhiteTeam "SK MEDVODE"]
[BlackTeam "SK LOSKA DOLINA"]

1. e4 c6 2. d4 d5 3. Nc3 dxe4 4. Nxe4 Nf6 5. Nxf6+ exf6 6. Nf3 Bd6 7. Bd3 Bg4
8. h3 Bh5 9. Qe2+ Qe7 10. Qxe7+ Kxe7 11. g4 Bg6 12. Ke2 Bxd3+ 13. Kxd3 Na6 14.
Bd2 Nb4+ 15. Bxb4 Bxb4 16. c3 Bd6 17. Rae1+ Kd7 18. Re2 Rhe8 19. Rhe1 Rxe2 20.
Rxe2 Re8 21. Rxe8 Kxe8 22. Ke4 g6 23. Nh4 Kd7 24. f4 g5 25. fxg5 fxg5 26. Nf5
Bf4 27. c4 f6 28. h4 a5 29. h5 b6 30. d5 Be5 31. b3 Bf4 32. Nd4 cxd5+ 33. Kxd5
Be5 34. Nf5 Bf4 35. Nd4 Be5 36. Ne6 Bd6 37. Nd4 Be5 38. Nc2 Bd6 39. a3 Be7 40.
a4 Bd6 41. Nd4 Be5 42. Nf5 Bf4 43. c5 bxc5 44. Kxc5 Bd2 45. Kd5 Bb4 46. Ng3 Bd6
47. Ne4 Be7 48. Nd2 Bd6 49. Nc4 Bc7 50. Ne3 Bd6 51. Nf5 Bf8 52. Ng3 Bd6 53. Ne4
Be7 1/2-1/2

[Event "OSREDNJA SLOVENSKA LIGA 2025"]
[Site "gostovanja"]
[Date "2025.11.06"]
[Round "7.5"]
[White "Veskovic, Dzemal"]
[Black "Bratovic, Blaz"]
[Result "0-1"]
[WhiteElo "1885"]
[BlackElo "2291"]
[PlyCount "109"]
[EventDate "2025.09.18"]
[WhiteTeam "SD MENGES - TRZIN"]
[BlackTeam "SK TRZIN BUSCOTRADE"]

1. e4 c5 2. Nc3 Nc6 3. Nf3 g6 4. d4 cxd4 5. Nxd4 Bg7 6. Be3 Nf6 7. Be2 O-O 8.
O-O d6 9. Nxc6 bxc6 10. Bf3 Nd7 11. Bd4 Ne5 12. Bxe5 Bxe5 13. Rb1 Rb8 14. Na4
Qa5 15. b3 Ba6 16. c4 Bxc4 17. Be2 Bb5 18. Bxb5 cxb5 19. Nb2 Qxa2 20. Nd3 Bg7
21. h4 a5 22. h5 Rfc8 23. hxg6 hxg6 24. Nf4 Qc2 25. Qe1 a4 26. Nd5 Kf8 27. Qb4
axb3 28. Qxb3 Qxb3 29. Rxb3 e6 30. Nb4 Rc3 31. Rfb1 Rxb3 32. Rxb3 Rb6 33. Kf1
Bd4 34. f4 Bc5 35. Nd3 b4 36. g4 Ra6 37. Ke2 Ke8 38. e5 Kd7 39. exd6 Bxd6 40.
Kf3 Ra3 41. Rb1 Rxd3+ 42. Ke4 Ra3 43. Rb2 Ra7 44. f5 exf5+ 45. gxf5 gxf5+ 46.
Ke3 Rc7 47. Kd4 f6 48. Rb1 f4 49. Ke4 Ke6 50. Kf3 Rc3+ 51. Ke2 Kf5 52. Rd1 Rc6
53. Rb1 Bc5 54. Kd2 Ke4 55. Rb3 {nejasno (64)} 0-1

[Event "OSREDNJA SLOVENSKA LIGA 2025"]
[Site "gostovanja"]
[Date "2025.11.06"]
[Round "7.5"]
[White "Coklin, Marko"]
[Black "Sedlar, Tomo"]
[Result "1/2-1/2"]
[WhiteElo "2059"]
[BlackElo "1871"]
[PlyCount "58"]
[EventDate "2025.09.18"]
[WhiteTeam "SK TRZIN BUSCOTRADE"]
[BlackTeam "SD MENGES - TRZIN"]

1. d4 d5 2. Nf3 Nf6 3. c4 c6 4. Nc3 e6 5. Bg5 Be7 6. e3 Nbd7 7. Qc2 Qa5 8. Nd2
Bb4 9. Nb3 Qa4 10. Bd3 dxc4 11. Bxc4 Nd5 12. Bd3 h6 13. Bh4 O-O 14. O-O Nxc3
15. bxc3 Bd6 16. f4 c5 17. f5 exf5 18. Bxf5 cxd4 19. cxd4 Nb6 20. Bh7+ Kh8 21.
Bd3 Nd5 22. Qf2 Be6 23. Rae1 Nb4 24. Rc1 Rac8 25. Rxc8 Rxc8 26. Bf5 Qd7 27.
Bxe6 Qxe6 28. Qxf7 Qxe3+ 29. Bf2 Qe4 1/2-1/2

[Event "OSREDNJA SLOVENSKA LIGA 2025"]
[Site "gostovanja"]
[Date "2025.11.06"]
[Round "7.5"]
[White "Simicak, Metod"]
[Black "Lah, Emil"]
[Result "1/2-1/2"]
[WhiteElo "1875"]
[BlackElo "1953"]
[PlyCount "75"]
[EventDate "2025.09.18"]
[WhiteTeam "SD MENGES - TRZIN"]
[BlackTeam "SK TRZIN BUSCOTRADE"]

1. e4 c5 2. Nc3 Nc6 3. Bb5 Nd4 4. Nf3 e6 5. O-O a6 6. Be2 b5 7. d3 d6 8. Be3
Nxe2+ 9. Nxe2 Nf6 10. Ng3 Be7 11. h3 Bb7 12. Nd2 O-O 13. f4 Qc7 14. c4 Rad8 15.
Qc2 Nd7 16. Nf3 h6 17. Rae1 bxc4 18. dxc4 Nb6 19. b3 Nd7 20. Bc1 Rfe8 21. Bb2
Bf6 22. Nh5 Bxb2 23. Qxb2 f6 24. Qf2 Nf8 25. g4 Qf7 26. e5 fxe5 27. fxe5 Qxf3
28. Qxf3 Bxf3 29. Rxf3 d5 30. Ref1 Re7 31. Nf4 dxc4 32. bxc4 Red7 33. Ra3 Rd4
34. Rxa6 Rxc4 35. Nxe6 Nxe6 36. Rxe6 Rc2 37. Rf2 Rd1+ 38. Kg2 1/2-1/2

[Event "OSREDNJA SLOVENSKA LIGA 2025"]
[Site "gostovanja"]
[Date "2025.11.06"]
[Round "7.5"]
[White "Krupenko, Peter"]
[Black "Ocepek, Marjan"]
[Result "1-0"]
[WhiteElo "1968"]
[BlackElo "1720"]
[PlyCount "81"]
[EventDate "2025.09.18"]
[WhiteTeam "SK TRZIN BUSCOTRADE"]
[BlackTeam "SD MENGES - TRZIN"]

1. c4 Nf6 2. Nf3 d6 3. Nc3 g6 4. g3 Bg7 5. Bg2 O-O 6. O-O c6 7. d4 Nbd7 8. b3
Qc7 9. Bb2 e5 10. e3 b6 11. Ba3 Re8 12. dxe5 dxe5 13. Bd6 Qd8 14. Qc2 Bb7 15.
Rad1 Qc8 16. c5 Nxc5 17. b4 Ncd7 18. Bh3 Ba6 19. Rfe1 Qb7 20. Ng5 Bc4 21. Nb1
Qa6 22. Nd2 Be2 23. Rc1 Qd3 24. Qxd3 Bxd3 25. Rxc6 h6 26. Ngf3 g5 27. Bg2 Bb5
28. Rc7 Nd5 29. Rcc1 e4 30. Nxe4 Rac8 31. Nd4 Bd3 32. Nxg5 Rxc1 33. Rxc1 Nxe3
34. fxe3 hxg5 35. Kf2 Bxd4 36. exd4 Re2+ 37. Kg1 Nf6 38. Be5 Ng4 39. Bf3 Nxh2
40. Bxe2 Bxe2 41. Kxh2 1-0

[Event "OSREDNJA SLOVENSKA LIGA 2025"]
[Site "gostovanja"]
[Date "2025.11.06"]
[Round "7.6"]
[White "Kampus, Andrej"]
[Black "Poglajen, Franc"]
[Result "1-0"]
[WhiteElo "2066"]
[BlackElo "1828"]
[PlyCount "23"]
[EventDate "2025.09.18"]
[WhiteTeam "SK DOL PRI LJUBLJANI"]
[BlackTeam "SK KOMENDA POGI"]

1. e4 c5 2. Nc3 Nc6 3. Bb5 a6 4. Bxc6 bxc6 5. d4 cxd4 6. Qxd4 e6 7. Bf4 d5 8.
Na4 Qa5+ 9. Bd2 Qb5 10. Nb6 c5 11. Nxa8 Bd6 12. Qxg7 1-0

[Event "OSREDNJA SLOVENSKA LIGA 2025"]
[Site "gostovanja"]
[Date "2025.11.06"]
[Round "7.6"]
[White "Hribar, Izak"]
[Black "Kosem, Rok"]
[Result "0-1"]
[WhiteElo "1706"]
[BlackElo "1765"]
[PlyCount "82"]
[EventDate "2025.09.18"]
[WhiteTeam "SK KOMENDA POGI"]
[BlackTeam "SK DOL PRI LJUBLJANI"]

1. e4 c5 2. Nf3 Nc6 3. d4 cxd4 4. Nxd4 e5 5. Nb3 Nf6 6. Nc3 Bb4 7. Bg5 h6 8.
Bxf6 Qxf6 9. Bc4 O-O 10. O-O Bxc3 11. bxc3 d6 12. Qd3 Bg4 13. f3 Be6 14. Rad1
Rfd8 15. Rd2 Rac8 16. Rfd1 Nb4 17. cxb4 Bxc4 18. Qe3 b6 19. a3 Qe6 20. Nc1 d5
21. exd5 Rxd5 22. Ne2 Rcd8 23. Rxd5 Rxd5 24. Rxd5 Qxd5 25. Nc3 Qd6 26. Kf2 f5
27. Ke1 Qf6 28. g3 a6 29. Ne2 b5 30. Qc3 Qe6 31. Qe3 Kf7 32. Nc1 Kf6 33. Nd3
Bxd3 34. Qxd3 Qc6 35. Ke2 e4 36. fxe4 Qxe4+ 37. Kf2 Ke5 38. Qxe4+ Kxe4 39. Ke2
Kd4 40. Kf3 g5 41. h4 Kc3 0-1

[Event "OSREDNJA SLOVENSKA LIGA 2025"]
[Site "gostovanja"]
[Date "2025.11.06"]
[Round "7.6"]
[White "Kampus, Iva"]
[Black "Zagar, Katarina"]
[Result "1-0"]
[WhiteElo "1578"]
[BlackElo "1542"]
[PlyCount "59"]
[EventDate "2025.09.18"]
[WhiteTeam "SK DOL PRI LJUBLJANI"]
[BlackTeam "SK KOMENDA POGI"]

1. e4 c5 2. Nc3 Nc6 3. g3 g6 4. Bg2 Bg7 5. d3 e6 6. f4 d6 7. Nge2 Nge7 8. O-O
O-O 9. g4 f5 10. g5 d5 11. e5 a6 12. d4 cxd4 13. Nxd4 Nxd4 14. Qxd4 Nc6 15. Qf2
b5 16. Rd1 Qc7 17. Be3 Bb7 18. Rac1 Rfc8 19. h4 Bf8 20. a3 Nd8 21. Ne2 Qe7 22.
Nd4 Kh8 23. h5 Rab8 24. hxg6 hxg6 25. Rd3 Bg7 26. Bd2 Kg8 27. Rh3 Nc6 28. Nxc6
Bxc6 29. Bb4 Qd7 30. Rd1 1-0

[Event "OSREDNJA SLOVENSKA LIGA 2025"]
[Site "gostovanja"]
[Date "2025.11.06"]
[Round "7.7"]
[White "Medvesek, Janez"]
[Black "Grdic, Vili"]
[Result "0-1"]
[WhiteElo "1962"]
[BlackElo "1744"]
[PlyCount "166"]
[EventDate "2025.09.18"]
[WhiteTeam "SK VISNJA GORA 1"]
[BlackTeam "GIMNAZIJA KRANJ"]

1. d4 Nf6 2. c4 e6 3. Nc3 Bb4 4. f3 d5 5. a3 Bxc3+ 6. bxc3 b6 7. cxd5 exd5 8.
e3 O-O 9. Bd3 Ba6 10. Ne2 Re8 11. O-O c5 12. Bxa6 Nxa6 13. Ng3 Nc7 14. Qd3 Qd7
15. e4 dxe4 16. fxe4 cxd4 17. cxd4 Qc6 18. Bf4 Ne6 19. Be3 Nf8 20. d5 Qd6 21.
Bd4 Ng4 22. Qf3 Qd7 23. Nf5 Ne5 24. Bxe5 Rxe5 25. Qg4 Rxf5 26. Qxf5 Qe7 27. e5
Qc5+ 28. Rf2 Qxd5 29. Raf1 Qc5 30. Qxf7+ Kh8 31. e6 Ng6 32. e7 Nxe7 33. Kh1
Qxa3 34. Re1 Ng8 35. Ra2 Qb4 36. Raa1 a5 37. Qb7 Rf8 38. Reb1 Qd4 39. Qxb6 Rf1+
40. Rxf1 Qxb6 41. Rf5 a4 42. Rf4 a3 43. Ra4 h6 44. R4xa3 Nf6 45. h3 Ne4 46. Kh2
Qd6+ 47. Kg1 Qd4+ 48. Kh2 Kh7 49. Ra4 Qf6 50. R4a3 Qf4+ 51. Kh1 Nd2 52. Ra4 Ne4
53. R4a3 Ng3+ 54. Kh2 h5 55. Ra4 Ne4+ 56. Kg1 Qf2+ 57. Kh2 Qg3+ 58. Kg1 Ng5 59.
Kf1 Qh2 60. R1a3 g6 61. Ra7+ Kh6 62. R7a4 Qh1+ 63. Kf2 Qc1 64. Ra2 Qc5+ 65. Kg3
Qe5+ 66. Kf2 Ne4+ 67. Kf1 Nc3 68. Ra5 Qf4+ 69. Kg1 Nxa2 70. Rxa2 Qd4+ 71. Kh1
Qd1+ 72. Kh2 Qd6+ 73. Kh1 g5 74. Ra8 g4 75. hxg4 hxg4 76. Ra1 Kg5 77. Rb1 Qd3
78. Re1 Kf4 79. g3+ Qxg3 80. Rf1+ Qf3+ 81. Kg1 Kg3 82. Rxf3+ gxf3 83. Kh1 Kf2
0-1

[Event "OSREDNJA SLOVENSKA LIGA 2025"]
[Site "gostovanja"]
[Date "2025.11.06"]
[Round "7.8"]
[White "Lanjscek, Miha"]
[Black "Novakovic, Julian"]
[Result "0-1"]
[WhiteElo "1842"]
[BlackElo "1950"]
[PlyCount "80"]
[EventDate "2025.09.18"]
[WhiteTeam "SK TRZIN"]
[BlackTeam "ZELENCI LPP"]

1. d4 c5 2. dxc5 Qa5+ 3. c3 Qxc5 4. Nf3 Nf6 5. Qd4 Qxd4 6. Nxd4 a6 7. g3 Nc6 8.
Bg2 h6 9. O-O e5 10. Nb3 d5 11. Rd1 Be6 12. Be3 O-O-O 13. Bb6 Rd7 14. N1d2 Bd6
15. Nc5 Bxc5 16. Bxc5 Kc7 17. a4 b6 18. Ba3 Re8 19. Kf1 Na5 20. b3 Ne4 21. Nxe4
dxe4 22. Rxd7+ Bxd7 23. b4 Nc4 24. Bc1 f5 25. f4 Bc6 26. b5 Bb7 27. fxe5 a5 28.
h4 e3 29. Bxb7 Kxb7 30. Ba3 Rxe5 31. Bf8 g5 32. Bxh6 gxh4 33. gxh4 Re4 34. Rd1
Rxh4 35. Rd7+ Kc8 36. Rd4 Nd2+ 37. Kg2 Rxh6 38. Rd5 f4 39. Rf5 f3+ 40. exf3 Re6
0-1

[Event "OSREDNJA SLOVENSKA LIGA 2025"]
[Site "gostovanja"]
[Date "2025.11.06"]
[Round "7.8"]
[White "Novakovic, Gosto"]
[Black "Bajec, Borut"]
[Result "1/2-1/2"]
[WhiteElo "1841"]
[BlackElo "1727"]
[PlyCount "63"]
[EventDate "2025.09.18"]
[WhiteTeam "ZELENCI LPP"]
[BlackTeam "SK TRZIN"]

1. e4 c5 2. f4 e6 3. Nf3 d6 4. Bc4 Nf6 5. Nc3 Be7 6. O-O O-O 7. a3 a6 8. d3 Nc6
9. Kh1 b5 10. Ba2 Bb7 11. Ng5 Nd4 12. Ne2 Nxe2 13. Qxe2 h6 14. Nf3 Rc8 15. Bd2
c4 16. e5 cxd3 17. cxd3 Nd5 18. d4 Rc2 19. Qd3 Rc8 20. Rac1 Qd7 21. Bb1 g6 22.
h4 h5 23. Kh2 Rxc1 24. Rxc1 Qd8 25. Ng5 Bxg5 26. hxg5 dxe5 27. fxe5 Ne7 28. Bb4
Re8 29. Bd6 Nf5 30. Rc7 Nxd6 31. exd6 Qxd6+ 32. Qg3 1/2-1/2

[Event "OSREDNJA SLOVENSKA LIGA 2025"]
[Site "gostovanja"]
[Date "2025.11.06"]
[Round "7.8"]
[White "Konvalinka, Kostja"]
[Black "Ribicic, Marko"]
[Result "1/2-1/2"]
[WhiteElo "1704"]
[BlackElo "1831"]
[PlyCount "44"]
[EventDate "2025.09.18"]
[WhiteTeam "SK TRZIN"]
[BlackTeam "ZELENCI LPP"]

1. e4 e6 2. e5 d6 3. exd6 Bxd6 4. d4 Ne7 5. Nf3 Ng6 6. Bd3 Bd7 7. O-O Bc6 8.
Nbd2 Nf4 9. Nc4 Nxd3 10. Nxd6+ cxd6 11. Qxd3 Nd7 12. Re1 Qa5 13. Bf4 Bxf3 14.
Qxf3 Qb6 15. c3 O-O 16. Qg3 Rfe8 17. Bxd6 Rac8 18. Ba3 Qc6 19. Qd6 Nb6 20. Qxc6
Rxc6 21. Bc5 Na4 22. Ba3 Nb6 1/2-1/2

[Event "OSREDNJA SLOVENSKA LIGA 2025"]
[Site "gostovanja"]
[Date "2025.11.06"]
[Round "7.8"]
[White "Novakovic, Novica"]
[Black "Banko, Franci"]
[Result "1/2-1/2"]
[WhiteElo "1764"]
[BlackElo "1628"]
[PlyCount "132"]
[EventDate "2025.09.18"]
[WhiteTeam "ZELENCI LPP"]
[BlackTeam "SK TRZIN"]

1. d4 Nf6 2. Bf4 d5 3. e3 Nc6 4. c3 g6 5. Nf3 Bg7 6. Bd3 O-O 7. Nbd2 Re8 8. h3
Nh5 9. Bh2 e5 10. dxe5 Nxe5 11. Nxe5 Bxe5 12. Bxe5 Rxe5 13. Nf3 Re8 14. O-O Nf6
15. Qa4 Bd7 16. Qb3 Qc8 17. Kh2 c5 18. Bb5 Qc7+ 19. g3 Re7 20. Bxd7 Rxd7 21.
Rad1 c4 22. Qc2 Re8 23. Rd4 Re4 24. Rfd1 Rxd4 25. Rxd4 Re7 26. Kg2 Re4 27. Qd2
Rxd4 28. Qxd4 Qb6 29. Qxb6 axb6 30. Kf1 Ne4 31. Ne1 Nc5 32. Nc2 Na4 33. Nb4
Nxb2 34. Nxd5 Na4 35. Ke2 f5 36. f3 Kf7 37. e4 Ke6 38. Ke3 Ke5 39. f4+ Kd6 40.
Kd4 b5 41. e5+ Kc6 42. e6 Kd6 43. e7 Kd7 44. e8=Q+ Kxe8 45. Nc7+ Kd7 46. Nxb5
Nb2 47. Na3 Nd3 48. Nxc4 Nf2 49. Ne5+ Ke6 50. Ke3 Ne4 51. Nd3 Nxc3 52. Nc5+ Kd5
53. Nxb7 Nxa2 54. Nd8 Nc3 55. Nf7 Ne4 56. Kf3 Ke6 57. Ne5 g5 58. Nd3 h5 59.
fxg5 Nxg5+ 60. Kg2 Kf6 61. Nf4 h4 62. gxh4 Nf7 63. Nh5+ Kg6 64. Nf4+ Kh6 65.
Kg3 Nd6 66. Ng2 Ne4+ 1/2-1/2